• 首页
  • 本馆介绍
  • 公告通知
  • 最新文献
  • 馆藏检索
  • 电子资源
  • 读者导购
  • 参考咨询
  • 我的图书馆
  • 登录
  • 详细信息显示
  • 放入我的书架
  • 预约/预借图书
  • 作者相关作品
  • 分类相关作品
  • 丛书相关作品
  • 出版社相关作品

书目信息

  • 表格格式
  • 工作单格式
  • 卡片格式
题名:
食品战争
    
 
作者: 朗 , 希斯曼 著 ;刘亚平 译
分册:  
出版信息: 北京   中央编译出版社  2011.10
页数: 11, 342页
开本: 24cm
丛书名:
单 册:
中图分类: F407.82
科图分类:
主题词: 食品--shi pin--经济政策--研究
电子资源:
ISBN: 978-7-5117-0715-4
000 01172nam0 2200289 450
001 2331424371
005 20231125084357.19
010    @a978-7-5117-0715-4@dCNY49.00@z7-5117-0715-7
100    @a20111202d2011 em y0chiy50 ea
101 1  @achi@ceng
102    @aCN@b110000
105    @aak a 000yy
200 1  @a食品战争@Ashi pin zhan zheng@e饮食、观念与市场的全球之战@f(英) 提姆·朗, 麦克·希斯曼著@g刘亚平译
210    @a北京@c中央编译出版社@d2011.10
215    @a11, 342页@c图@d24cm
312    @a英文题名取自封面
320    @a有书目 (第272-342页)
330    @a本书主要内容包括: 食品战争主题、饮食和健康: 疾病和食品、对饮食和疾病的政策回应、食品对商业的战争、消费者文化战、质量战: 将公众健康和环境保护联系起来等。
500 10 @aFood wars: the global battle for mouths, minds and markets@mChinese
517 1  @a饮食、观念与市场的全球之战@Ayin shi、guan nian yu shi chang de quan qiu zhi zhan
606 0  @a食品@Ashi pin@x经济政策@x研究
690    @aF407.82@v4
701  1 @a朗@Alang@g(Lang, Tim)@4著
701  1 @a希斯曼@Axi si man@g(Heasman, Michael)@4著
702  0 @a刘亚平@Aliu ya ping@4译
801  0 @aCN@bRENTIAN@c20111202
905    @aBZT@dF407.82@e2
    
    食品战争:饮食、观念与市场的全球之战/(英) 提姆·朗, 麦克·希斯曼著/刘亚平译.-北京:中央编译出版社,2011.10
    11, 342页:图;24cm
    
    
    ISBN 978-7-5117-0715-4:CNY49.00
    本书主要内容包括: 食品战争主题、饮食和健康: 疾病和食品、对饮食和疾病的政策回应、食品对商业的战争、消费者文化战、质量战: 将公众健康和环境保护联系起来等。
●
相关链接 在五车中查询图书 在当当中查询图书 在豆瓣中查询图书


正题名:食品战争     索取号:F407.82/2         预约/预借

序号 登录号 条形码 馆藏地/架位号 状态 备注
1 2001079002   2001079002   东辅楼二楼书库/ [索取号:F407.82/2] 在馆    
2 2001079003   2001079003   东辅楼二楼书库/ [索取号:F407.82/2] 在馆    
3 2001079004   2001079004   东辅楼二楼书库/ [索取号:F407.82/2] 在馆    
4 2001079005   2001079005   东辅楼二楼书库/ [索取号:F407.82/2] 在馆    
5 2001079006   2001079006   东辅楼二楼书库/ [索取号:F407.82/2] 在馆    
6 2001079007   2001079007   东辅楼二楼书库/ [索取号:F407.82/2] 在馆    
7 2001079008   2001079008   东辅楼二楼书库/ [索取号:F407.82/2] 在馆    
8 2001079009   2001079009   东辅楼二楼书库/ [索取号:F407.82/2] 在馆    
9 2001079010   2001079010   东辅楼二楼书库/ [索取号:F407.82/2] 在馆    
10 2001079011   2001079011   东辅楼二楼书库/ [索取号:F407.82/2] 在馆    
11 2001079012   2001079012   东辅楼二楼书库/ [索取号:F407.82/2] 在馆    
12 2001079013   2001079013   东辅楼二楼书库/ [索取号:F407.82/2] 在馆    
13 2001079014   2001079014   东辅楼二楼书库/ [索取号:F407.82/2] 在馆    
14 2001079015   2001079015   东辅楼二楼书库/ [索取号:F407.82/2] 在馆    
15 2001079016   2001079016   东辅楼二楼书库/ [索取号:F407.82/2] 在馆    
16 2001079017   2001079017   东辅楼二楼书库/ [索取号:F407.82/2] 在馆    
17 2001079018   2001079018   东辅楼二楼书库/ [索取号:F407.82/2] 在馆    
18 2001079019   2001079019   东辅楼二楼书库/ [索取号:F407.82/2] 在馆    
19 2001079020   2001079020   东辅楼二楼书库/ [索取号:F407.82/2] 在馆    
20 2001079021   2001079021   东辅楼二楼书库/ [索取号:F407.82/2] 在馆    
21 2001079022   2001079022   东辅楼二楼书库/ [索取号:F407.82/2] 在馆    
22 2001079023   2001079023   东辅楼二楼书库/ [索取号:F407.82/2] 在馆    
23 2001079024   2001079024   东辅楼二楼书库/ [索取号:F407.82/2] 在馆    
24 2001079025   2001079025   东辅楼二楼书库/ [索取号:F407.82/2] 在馆    
25 2001079026   2001079026   东辅楼二楼书库/ [索取号:F407.82/2] 在馆    
26 2001079027   2001079027   东辅楼二楼书库/ [索取号:F407.82/2] 在馆    
27 2001079028   2001079028   东辅楼二楼书库/ [索取号:F407.82/2] 在馆    
28 2001079029   2001079029   东辅楼二楼书库/ [索取号:F407.82/2] 在馆    
29 2001079030   2001079030   东辅楼二楼书库/ [索取号:F407.82/2] 在馆    
30 2001079031   2001079031   东辅楼二楼书库/ [索取号:F407.82/2] 在馆    
山东省滨州职业学院图书馆 欢迎您!
大连网信软件有限公司© 版权所有